Countries That Start With MA - Statistics

General Stats
  • This quiz has been taken 28 times
  • The average score is 8 of 9
Answer Stats
Country % Correct
Mauritania
96%
Madagascar
92%
Malawi
92%
Mali
92%
Malaysia
88%
Mauritius
88%
Maldives
81%
Malta
77%
Marshall Islands
69%
No matching quizzes found
Score Distribution
Percent of People with Each Score
Percentile by Number Answered
Your Score History
You have not taken this quiz